A text book of material science and metallurgy (Record no. 2485)

MARC details
000 -LEADER
fixed length control field 00425nam a22001697a 4500
005 - DATE AND TIME OF LATEST TRANSACTION
control field 20160613113655.0
008 - FIXED-LENGTH DATA ELEMENTS--GENERAL INFORMATION
fixed length control field 160613b xxu||||| |||| 00| 0 eng d
020 ## - INTERNATIONAL STANDARD BOOK NUMBER
ISBN 978-81-89928-31-5
041 ## - LANGUAGE CODE
Language code of text/sound track or separate title eng
082 ## - DEWEY DECIMAL CLASSIFICATION NUMBER
Item number 7177
100 ## - MAIN ENTRY--AUTHOR NAME
Personal name Khanna. O.P.
245 ## - TITLE STATEMENT
Title A text book of material science and metallurgy
260 ## - PUBLICATION, DISTRIBUTION, ETC. (IMPRINT)
Name of publisher Dhapat Raj & Co
Year of publication 1999
300 ## - PHYSICAL DESCRIPTION
Number of Pages 58
650 ## - SUBJECT ADDED ENTRY--TOPICAL TERM
Topical Term DIPLOMA ENGINEERING
942 ## - ADDED ENTRY ELEMENTS (KOHA)
Koha item type Books
Holdings
Lost status Damaged status Collection code Home library Current library Shelving location Date acquired Cost, normal purchase price Full call number Accession Number Koha item type
    MINING JRU Library JRU Library SHELF-59-B 13/06/2016 375.00 7177 7177 Books
    MINING JRU Library JRU Library SHELF-59-B 13/06/2016 375.00 7177 7178 Books
    MINING JRU Library JRU Library SHELF-59-B 13/06/2016 375.00 7177 7179 Books
    MINING JRU Library JRU Library SHELF-59-B 13/06/2016 375.00 7177 7180 Books
    MINING JRU Library JRU Library SHELF-59-B 13/06/2016 375.00 7177 7181 Books